| 000 | 00384nam a2200145Ia 4500 | ||
|---|---|---|---|
| 008 | 150201s2005 xx 000 0 und d | ||
| 082 |
_a616.01 _bM2005A |
||
| 100 | _aANANTNARAYAN | ||
| 245 | _aANANTHANARAYAN & PANIKERS TEXTBOOK OF MICROBIOLOGY | ||
| 250 | _a7TH | ||
| 260 |
_bLONGMAN PUBLICATION _aHYDERABAD _c2005 |
||
| 300 | _a1-657 | ||
| 650 | _aMICROBIOLOGY | ||
| 942 |
_2ddc _cBK _01 |
||
| 999 |
_c3968 _d3968 |
||